00519cam a22002051 4500001001300000003000400013005001700017008004100034010001700075035002000092040002100112042001200133050001900145100002600164245003000190260003400220300002100254752002100275999001700296he 67001843 DLC20260227111450.0850501s1966 is 000 0 heb  ahe 67001843  a(OCoLC)19204615 aDLCcMHdCUdDLC apremarc00aPJ5053.C38bB41 aChamiel, Haim,d1917-10aBe-nofe ha-yom :bshirim. a[Tel Aviv] :bDukhan,c[1966] a161 p. ;c22 cm. aIsraeldTel Aviv c32658d32658